Wird geladen...

Handbook of feminist research : theory and praxis /

Bibliographische Detailangaben
Weitere Verfasser: Hesse-Biber, Sharlene Nagy
Format: Printed Book
Sprache:English
Veröffentlicht: Thousand Oaks, Calif. : SAGE Publications, c2007.
Schlagworte:
Online Zugang:http://www.loc.gov/catdir/toc/ecip0612/2006011641.html
http://www.loc.gov/catdir/enhancements/fy0660/2006011641-d.html
http://www.loc.gov/catdir/enhancements/fy0734/2006011641-b.html
LEADER 01594cam a2200313 a 4500
008 060406s2007 caua b 001 0 eng
010 |a  2006011641 
020 |a 9781412905459  |c $ 150 
042 |a pcc 
082 0 0 |a 305.42072  |2 22 
245 0 0 |a Handbook of feminist research :  |b theory and praxis /  |c editor Sharlene Nagy Hesse-Biber. 
260 |a Thousand Oaks, Calif. :  |b SAGE Publications,  |c c2007. 
300 |a ix, 758 p. :  |b ill. ;  |c 26 cm. 
504 |a Includes bibliographical references and index. 
650 0 |a Feminist theory. 
650 0 |a Social sciences  |x Research  |x Methodology. 
650 0 |a Women  |x Research  |x Methodology. 
650 0 |a Women's studies  |x Methodology. 
700 1 |a Hesse-Biber, Sharlene Nagy. 
856 4 1 |u http://www.loc.gov/catdir/toc/ecip0612/2006011641.html 
856 4 2 |u http://www.loc.gov/catdir/enhancements/fy0660/2006011641-d.html 
856 4 2 |u http://www.loc.gov/catdir/enhancements/fy0734/2006011641-b.html 
906 |a 7  |b cbc  |c orignew  |d 1  |e ecip  |f 20  |g y-gencatlg 
942 |c BK 
955 |a sf09 2006-04-06  |i sf09 2006-04-06  |a aa28 2006-04-10  |a ps04 2007-01-17 1 copy rec'd., to CIP ver. 
999 |c 190179  |d 190179 
952 |0 0  |1 0  |2 ddc  |4 0  |6 305_420720000000000_HAN  |7 0  |9 58018  |a UL  |b UL  |c REF  |d 2012-10-27  |l 0  |o 305.42072 HAN  |p 83486  |r 2012-10-27  |y REF 
952 |0 0  |1 0  |2 ddc  |4 0  |6 305_420720000000000_HAN  |7 0  |9 103185  |a UL  |b UL  |c REF  |d 2013-10-18  |e 2  |g 6864.60  |l 0  |o 305.42072 HAN  |p 90862  |r 2014-01-30  |v 10095.00  |y REF 
952 |0 0  |1 0  |4 0  |6 305_420000000000000_HES_H  |7 0  |9 209685  |a ENG  |b ENG  |c ST1  |d 2014-09-27  |e Bookshop  |i 17638  |l 0  |o 305.42 HES/H  |p ENG17638  |r 2014-09-27  |w 2018-08-21  |y BK